| 000 | 00718cam a22002413a 4500 | ||
|---|---|---|---|
| 001 | 13865 | ||
| 003 | PGUSA | ||
| 005 | 20140828083310.0 | ||
| 008 | 041025s2004||||xxu|||||s|||||000 | eng d | ||
| 040 |
_aPGUSA _beng |
||
| 042 | _adc | ||
| 050 | 4 | _aAP | |
| 245 | 1 | 0 |
_aChambers's Edinburgh Journal, No. 418 : _bVolume 17, New Series, January 3, 1852 _h[electronic resource] / _cVarious |
| 260 |
_bProject Gutenberg, _c2004 |
||
| 506 | _aPublic domain in the USA. | ||
| 516 | _aElectronic text | ||
| 653 | _aPeriodicals | ||
| 700 | 1 |
_aChambers, William, _d1800-1883 |
|
| 700 | 1 |
_aChambers, Robert, _d1802-1871 |
|
| 830 | 0 |
_aProject Gutenberg _v13865 |
|
| 856 | 4 | 0 | _uhttp://www.gutenberg.org/ebooks/13865 |
| 942 | _cEB | ||
| 999 |
_c243120 _d243120 |
||